Religion!: A Kindergarten to Spirituality (Record no. 23174)

MARC details
000 -LEADER
fixed length control field 00325nam a22001337a 4500
020 ## - INTERNATIONAL STANDARD BOOK NUMBER
ISBN 9789353917487
082 ## - DEWEY DECIMAL CLASSIFICATION NUMBER
Classification number 294.54 RAV
100 ## - MAIN ENTRY--AUTHOR NAME
Author name Ravi
245 ## - TITLE STATEMENT
Title Religion!: A Kindergarten to Spirituality
260 ## - PUBLICATION, DISTRIBUTION, ETC. (IMPRINT)
Place of publication Bangalore
Name of publisher AiR Institute of Realization
Year of publication 2019
300 ## - PHYSICAL DESCRIPTION
Number of Pages 151
650 ## - SUBJECT ADDED ENTRY--TOPICAL TERM
Topical Term Hindu Philosophy
942 ## - ADDED ENTRY ELEMENTS (KOHA)
Koha item type Books
Holdings
Collection code Home library Current library Shelving location Date acquired Source of acquisition Full call number Accession Number Koha item type
Non-fiction Henry Martyn Institute Library Henry Martyn Institute Library General stacks 10/19/2021 Dr. Yoginder Singh 294.54 RAV 11004482 Books
                   Copyright © 2026 | Henry Martyn Institute | Hyderabad | TS-500052 | INDIA | Implemented by hmi.edu.in
Hit-Count:

Powered by Koha